Suizidalität von Jugendlichen in der Gegenwartsgesellschaft: Perspektiven sozialpädagogischen Handelns

Saved in:  
Bibliographic Details
Main Author: Schwalm, Patrick (Author)
Format: Print Book
Language:German
Published: Marburg Tectum-Verl. 2005
In:Year: 2005
Online Access: Inhaltstext (Publisher)
Table of Contents
Rezension (Publisher)
Check availability: HBZ Gateway
Subito Delivery Service: Order now.
Keywords:

MARC

LEADER 00000cam a2200000 c 4500
001 501428526
003 DE-627
005 20251223210807.0
007 tu
008 051019s2005 gw ||||| m 00| ||ger c
015 |a 05,N44,0392  |2 dnb 
015 |a 05,A51,0700  |2 dnb 
016 7 |a 97666917X  |2 DE-101 
020 |a 3828888097  |c kart. : EUR 24.90, sfr 43.70  |9 3-8288-8809-7 
024 3 |a 9783828888098 
024 8 |a 8809  |q Best.-Nr. 
028 5 2 |a 8809 
035 |a (DE-627)501428526 
035 |a (DE-576)121561259 
035 |a (DE-599)GBV501428526 
035 |a (OCoLC)162265395 
035 |a (OCoLC)162265395 
035 |a (DE-605)HT014546948 
035 |a (AT-OBV)AC04761101 
040 |a DE-627  |b ger  |c DE-627  |e rakwb 
041 |a ger 
044 |c XA-DE-HE 
082 0 |a 360  |q OCLC 
082 0 4 |a 360 
084 |a 1  |2 ssgn 
084 |a CW 6920  |2 rvk  |0 (DE-625)rvk/19199: 
084 |a DS 7140  |2 rvk  |0 (DE-625)rvk/19959: 
084 |a DU 3000  |2 rvk  |0 (DE-625)rvk/20045:761 
084 |a 44.91  |2 bkl 
084 |a 77.84  |2 bkl 
084 |a 79.99  |2 bkl 
100 1 |a Schwalm, Patrick  |4 aut 
245 1 0 |a Suizidalität von Jugendlichen in der Gegenwartsgesellschaft  |b Perspektiven sozialpädagogischen Handelns  |c von Patrick Schwalm 
263 |a Pb. : EUR 24.90, EUR 24.90 (AT), sfr 43.70 
264 1 |a Marburg  |b Tectum-Verl.  |c 2005 
300 |a 274 S  |b graph. Darst  |c 21 cm 
336 |a Text  |b txt  |2 rdacontent 
337 |a ohne Hilfsmittel zu benutzen  |b n  |2 rdamedia 
338 |a Band  |b nc  |2 rdacarrier 
502 |a Zugl.: Dortmund, Univ., Diss., 2005 
655 7 |a Hochschulschrift  |0 (DE-588)4113937-9  |0 (DE-627)105825778  |0 (DE-576)209480580  |2 gnd-content 
689 0 0 |d s  |0 (DE-588)4028859-6  |0 (DE-627)104419199  |0 (DE-576)208979859  |a Jugend  |2 gnd 
689 0 1 |d s  |0 (DE-588)4127482-9  |0 (DE-627)104116560  |0 (DE-576)209594012  |a Suizidgefährdung  |2 gnd 
689 0 |5 DE-101 
689 1 0 |d s  |0 (DE-588)4028859-6  |0 (DE-627)104419199  |0 (DE-576)208979859  |a Jugend  |2 gnd 
689 1 1 |d s  |0 (DE-588)4077352-8  |0 (DE-627)104359811  |0 (DE-576)209204818  |a Suizidverhütung  |2 gnd 
689 1 2 |d s  |0 (DE-588)4034929-9  |0 (DE-627)106250310  |0 (DE-576)209009756  |a Lebenswelt  |2 gnd 
689 1 3 |d s  |0 (DE-588)4113843-0  |0 (DE-627)105826502  |0 (DE-576)209479809  |a Handlungsorientierung  |2 gnd 
689 1 |5 DE-101 
689 2 0 |d s  |0 (DE-588)4028859-6  |0 (DE-627)104419199  |0 (DE-576)208979859  |a Jugend  |2 gnd 
689 2 1 |d s  |0 (DE-588)4077352-8  |0 (DE-627)104359811  |0 (DE-576)209204818  |a Suizidverhütung  |2 gnd 
689 2 2 |d s  |0 (DE-588)4116546-9  |0 (DE-627)105805947  |0 (DE-576)209502436  |a Sozialraum  |2 gnd 
689 2 3 |d s  |0 (DE-588)4113843-0  |0 (DE-627)105826502  |0 (DE-576)209479809  |a Handlungsorientierung  |2 gnd 
689 2 |5 DE-101 
751 |a Dortmund  |0 (DE-588)4012814-3  |0 (DE-627)106346504  |0 (DE-576)208900608  |4 uvp 
856 4 2 |u http://www.socialnet.de/rezensionen/isbn.php?isbn=978-3-8288-8809-8  |m V:DE-601  |m B:socialnet.  |q text/html  |v 201307-05  |x Verlag  |y Rezension (socialnet.)  |3 Rezension  |7 1 
856 4 2 |u http://deposit.dnb.de/cgi-bin/dokserv?id=2687687&prov=M&dok_var=1&dok_ext=htm  |m X: MVB  |q text/html  |v 20130501  |x Verlag  |3 Inhaltstext  |7 1 
856 4 2 |u http://bvbr.bib-bvb.de:8991/F?func=service&doc_library=BVB01&doc_number=014589776&line_number=0001&func_code=DB_RECORDS&service_type=MEDIA  |m V:DE-604  |q application/pdf  |3 Inhaltsverzeichnis  |7 1 
935 |a mteo  |a mkri 
935 |i Blocktest 
936 r v |a CW 6920  |b Suizid (Ursachen, Gefährdete, Verhütung ...)  |k Psychologie  |k Angewandte Psychologie  |k Suizid (Ursachen, Gefährdete, Verhütung ...)  |0 (DE-627)127155660X  |0 (DE-625)rvk/19199:  |0 (DE-576)20155660X 
936 r v |a DS 7140  |b Prävention in der Jugendhilfe (Jugendarbeit, Jugendpflege, Freizeitbetreuung, -beratung)  |k Pädagogik  |k Sozialpädagogik, Sozialarbeit  |k Berufsfelder  |k Jugendhilfe  |k Prävention in der Jugendhilfe (Jugendarbeit, Jugendpflege, Freizeitbetreuung, -beratung)  |0 (DE-627)1270705717  |0 (DE-625)rvk/19959:  |0 (DE-576)200705717 
936 r v |a DU 3000  |b Allgemeines und Deutschland  |k Pädagogik  |k Pädagogische Soziologie  |k Jugendsoziologie  |k Allgemeines und Deutschland  |0 (DE-627)1270809784  |0 (DE-625)rvk/20045:761  |0 (DE-576)200809784 
936 r u |a DS 7100  |b Jugendhilfe  |k Pädagogik  |k Sozialpädagogik, Sozialarbeit  |k Berufsfelder  |k Jugendhilfe  |0 (DE-627)1270710141  |0 (DE-576)200710141  |z Ungueltig 
936 b k |a 44.91  |j Psychiatrie  |j Psychopathologie  |0 (DE-627)106409972 
936 b k |a 77.84  |j Krisenbewältigung  |0 (DE-627)18157196X 
936 b k |a 79.99  |j Sozialpädagogik  |j Sozialarbeit: Sonstiges  |0 (DE-627)106421980 
951 |a BO 
ELC |b 1 
LOK |0 000 xxxxxcx a22 zn 4500 
LOK |0 001 3238101587 
LOK |0 003 DE-627 
LOK |0 004 501428526 
LOK |0 005 20060516105153 
LOK |0 008 060516||||||||||||||||ger||||||| 
LOK |0 040   |a DE-21-35  |c DE-627  |d DE-21-35 
LOK |0 541   |e 06/361 
LOK |0 852   |a DE-21-35 
LOK |0 852 1  |c Pi 8.24  |m p  |9 00 
LOK |0 938   |k p 
LOK |0 938   |l K8  |8 0 
LOK |0 939   |a 16-05-06  |b l01 
LOK |0 000 xxxxxcx a22 zn 4500 
LOK |0 001 3238101781 
LOK |0 003 DE-627 
LOK |0 004 501428526 
LOK |0 005 20060105083459 
LOK |0 008 051123||||||||||||||||ger||||||| 
LOK |0 040   |a DE-Frei85  |c DE-627  |d DE-Frei85 
LOK |0 852   |a DE-Frei85 
LOK |0 852 1  |m p  |9 00 
LOK |0 938   |k p 
LOK |0 939   |a 23-11-05  |b l01 
ORI |a SA-MARC-krimdoka001.raw